000 00752 a2200217 4500
999 _c9489
_d9489
020 _a0199263612
050 0 0 _aKF 9201 BLA 2004
100 _aMurphy ,. P
_eeditor
245 0 0 _aBlackstone's criminal practice :
_b2004 /
_cPeter Murphy.
264 _aOxford :
_bOxford University press,
_c2004.
300 _a2632p.:
500 _aincludes index.
650 0 _aCriminal law
650 0 _aCriminal law
650 0 _aSentences (Criminal procedure)
650 7 _aCriminal law.
650 7 _aSentences (Criminal procedure)
651 7 _aGreat Britain.
942 _2lcc
_cBK
_h9201
_iBLA
_kKF